00692nam a22001817a 450000500170000000800430001702000150006005000230007510000600009824000620015824501160022025000110033626000310034730000210037849000500039965000320044970000290048120230111133406.0230111b sp ||||| |||| 00| 0 spa d a842065786704aBF637.P4bB76 20041 aBrown, J. A. C. (James Alexander Campbell), d1911-1964 aTechniques of Persuasion. From Propaganda to Brainwashing10aTécnicas de persuasión de la propaganda al lavado de cerebro / cJ.A.C. Brown ; traductor, Rafael Mazarrasa a1a ed. aMadrid : bAlianza, c2004 a401 p. ;c17 cm.0 aArea de conocimiento.Ciencias sociales,v3614 4aPersuasión xPsicología1 aMazarrasa, Rafael, etr.